| 000 | 00421nam a2200181Ia 4500 | ||
|---|---|---|---|
| 001 | 3812 | ||
| 005 | 20260306145711.0 | ||
| 008 | 260306t2001||||xx |||||||||||||| ||spa|| | ||
| 041 | _aESP | ||
| 082 |
_a303.4833 _bS749 |
||
| 100 |
_aShy, Oz _eAUT |
||
| 245 | 4 | _aThe economics of network industries | |
| 260 | _c2001 | ||
| 300 |
_a315 páginas : _c23 cm. |
||
| 650 | _aGEN | ||
| 654 | _aCHU | ||
| 942 |
_cLIB _dJUS _fJUS _2ddc _n |
||
| 999 |
_c3812 _d3812 |
||